Fuṣūl mumattiʻah, (Record no. 45122)

MARC details
000 -LEADER
fixed length control field 00595cam a22002051 4500
001 - CONTROL NUMBER
control field ne 62000813
003 - CONTROL NUMBER IDENTIFIER
control field DLC
005 - DATE AND TIME OF LATEST TRANSACTION
control field 20260227111735.0
008 - FIXED-LENGTH DATA ELEMENTS--GENERAL INFORMATION
fixed length control field 890330s1959 ua a 000 0 ara c
010 ## - LIBRARY OF CONGRESS CONTROL NUMBER
LC control number ne 62000813
035 ## - SYSTEM CONTROL NUMBER
System control number (OCoLC)19480150
040 ## - CATALOGING SOURCE
Original cataloging agency Princeton Univ. Libr.
Transcribing agency WaU
Modifying agency WaU
-- DLC
042 ## - AUTHENTICATION CODE
Authentication code premarc
050 00 - LIBRARY OF CONGRESS CALL NUMBER
Classification number PJ7538
Item number .K5
100 1# - MAIN ENTRY--PERSONAL NAME
Personal name Kīlānī, Muḥammad Sayyid.
245 10 - TITLE STATEMENT
Title Fuṣūl mumattiʻah,
Statement of responsibility, etc. taʼlīf Muḥammad Sayyid Kīlānī.
260 ## - PUBLICATION, DISTRIBUTION, ETC.
Place of publication, distribution, etc. al-Qāhirah,
Name of publisher, distributor, etc. Dār al-ʻArab
Date of publication, distribution, etc. [1959.]
300 ## - PHYSICAL DESCRIPTION
Extent 128 p.
Other physical details illus.
Dimensions 23 cm.
650 #0 - SUBJECT ADDED ENTRY--TOPICAL TERM
Topical term or geographic name entry element Arabic literature.

No items available.

Powered by Koha